00537nam a22001457a 4500999001900000010001300019020002700032037002000059100001800079245010400097260003600201270010500237300002700342942002200369 c182008d182008 aEN230921 a9788178246390c1095.00 bPermanent Black aMuzaffar Alam aThe Mughals and the sufis :bIslam and political imagination in india 1500-1750 /cby Muzaffar Alam aRanikhetbPermanent Blackc2021 a'Himalaya', Mall Road, Ranikhet Cantt, Ranikhet,bRanikhetcUttaranchale263645mperblack@gmail.com axiii, 454p.c22cm.(Hb) adplcEN2ddcmMUZ